000
00291nam a2200133Ia 4500
008
190216s9999||||xx |||||||||||||| ||und||
100
_a
Bill Gates
245
0
_a
Windows-98
250
_a
1st Ed.
260
_b
Bpb Publications
_c
1998
300
_a
516+26p
650
_a
Computer
942
_c
BK
999
_c
8633
_d
8633